000 00640nam a22002291i 4500
001 bimo0000138141
003 OSt
005 20140826213006.0
008 900514s1980 sp spa
020 _a84-239-0121-1
035 _a(OCoLC)434614038
040 _aIBH
_cBMC
082 _a860
100 1 0 _9107
_aCésar, Cayo Julio
245 1 0 _aComentarios de la guerra de las Galias
_cC. Julio César ; [traducción del latín por José Goya y Muniain]
250 _a9ª ed
260 0 _aMadrid
_bEspasa-Calpe
_c1976
300 _a248 p.
_c18 cm
490 _aAustral
_v121
700 _9249
_aGoya y Muniain, José
942 _2ddc
_cBK
999 _c105
_d105